Yo, robot

Saved in:
Bibliographic Details
Format: Book
Language:Spanish
Published: Barcelona Edhasa 2004
Subjects:
Tags: Add Tag
No Tags, Be the first to tag this record!

MARC

LEADER 00000nam a2200000 a 4500
001 UCI7239
003 CL-VaPUC
008 080613e20040000SP |||||||||||||||||spa|d
020 |a 8435020843 
082 0 4 |a 813  |b ASI  |2 21 
245 1 0 |a Yo, robot 
300 |a 349 p 
942 |c BK 
945 |d 20080613 00:00:00  |a jtorresc 
260 |a Barcelona  |b Edhasa  |c 2004 
650 7 |a LITERATURA NORTEAMERICANA  |2 CL-VaPUC  |9 530406 
650 7 |a NOVELAS NORTEAMERICANAS  |2 CL-VaPUC  |9 530407 
583 |a last modification  |c 20080613 00:00:00  |k Rodrigo Vera 
999 |c 330582  |d 330580